000 00599nam a2200181Ia 4500
008 151018s9999 xx 000 0 und d
082 _bRBASDV27355
_a891.463
100 _aरमेश पटवर्धन
245 _aभुजंगप्रयास
250 _b2
260 _bसुर्याक्षर विविधा पुणे
_c1996
300 _a108
600 _aरमेश पटवर्धन
630 _aभुजंगप्रयास
700 _aरमेश पटवर्धन
730 _aभुजंगप्रयास
942 _cBOOK
999 _c1026946
_d1026943